Biggest U.S. Cities by Metro Population - Statistics

General Stats
  • This quiz has been taken 80 times
  • The average score is 48 of 55
Answer Stats
State Core City % Correct
CA Los Angeles
100%
IL Chicago
98%
TX Dallas
98%
TX Houston
98%
FL Miami
97%
NY New York City
97%
GA Atlanta
95%
PA Philadelphia
94%
AZ Phoenix
94%
CA San Francisco
94%
TX Austin
92%
CO Denver
92%
WA Seattle
92%
FL Tampa
92%
MA Boston
91%
MI Detroit
91%
MN Minneapolis
91%
FL Orlando
91%
TX San Antonio
91%
CA San Diego
91%
N/A Washington
91%
MD Baltimore
89%
NC Charlotte
89%
OR Portland
89%
CA San Jose
89%
MO St Louis
89%
MO Kansas City
88%
NV Las Vegas
88%
TN Nashville
88%
PA Pittsburgh
88%
NY Buffalo
86%
OH Cincinnati
86%
OH Cleveland
86%
IN Indianapolis
86%
FL Jacksonville
86%
TN Memphis
86%
OH Columbus
85%
OK Oklahoma City
85%
UT Salt Lake City
85%
WI Milwaukee
83%
CA Sacramento
83%
NC Raleigh
82%
VA Richmond
82%
CA Fresno
80%
AZ Tucson
80%
VA Virginia Beach
80%
AL Birmingham
78%
KY Louisville
78%
RI Providence
78%
CT Hartford
77%
OK Tulsa
75%
NE Omaha
74%
MI Grand Rapids
66%
CA Riverside
66%
NY Rochester
65%
No matching quizzes found
Score Distribution
Percent of People with Each Score
Percentile by Number Answered
Your Score History
You have not taken this quiz